000
00334nam a2200133Ia 4500
008
240624s9999 xx 000 0 und d
041
_a
eng
082
_a
658.4092 PIE
100
_a
PIERCE JON L
245
_a
LEADERS AND LEADERSHIP PROCESS
250
_a
(5th ed.)
260
_c
2011
_a
New Delhi
_b
Tata McGraw - Hill
365
_c
RS
_b
33
999
_c
26013
_d
26013